00421nam a2200169Ia 4500008004100000020001800041245003400059245003500093260001500128260001600143260000900159300001600168300002500184300001000209440002300219500000900242170705s9999 xx 000 0 und d a9780531166857 4aThe life and death of stars / cRay Spangenburg and Kit Moser. aNew York : bScholastic, c2003 a108 pages : bcolor illustration ; c23cm. aOut of this world. a1190